[Event "POLFINAL MISTRZOSTW POLSKI JUNIOROW 2019 - C13"]
[Site "Ustron"]
[Date "1899-12-30"]
[Round "7.6"]
[White "Nowak, Filip"]
[Black "Karut, Kacper"]
[Result "0-1"]
[WhiteTitle "I"]
[BlackTitle "II+"]
[WhiteElo "1629"]
[BlackElo "1536"]

1. e4 c5 2. Nf3 d6 3. d4 cxd4 4. Nxd4 Nf6 5. Nc3 Nc6 6. Bg5 e6 7. Qd2 a6 8. O-O-O
Bd7 9. f4 b5 10. Bxf6 gxf6 11. Kb1 b4 12. Nce2 Qb6 13. Nxc6 Bxc6 14. f5 e5 15.
Ng3 h5 16. h4 Qc5 17. b3 Ke7 18. Bc4 a5 19. Qe2 a4 20. Nxh5 axb3 21. cxb3 Rxh5
22. Qxh5 Bxe4+ 23. Bd3 Qf2 24. Bxe4 Rxa2 0-1

[Event "POLFINAL MISTRZOSTW POLSKI JUNIOROW 2019 - C13"]
[Site "Ustron"]
[Date "1899-12-30"]
[Round "7.7"]
[White "Trzebinski, Patryk"]
[Black "Lakowski, Filip"]
[Result "1-0"]
[WhiteTitle "I"]
[BlackTitle "II"]
[WhiteElo "1607"]
[BlackElo "1310"]

1. e4 g6 2. d4 Bg7 3. Be3 d6 4. Nc3 a6 5. f4 b5 6. a4 b4 7. Na2 a5 8. c3 bxc3 9.
Nxc3 Nd7 10. Nf3 Bb7 11. Bc4 c5 12. Qb3 Rb8 13. Bxf7+ Kf8 14. Bxg8 Rxg8 15. Ng5
1-0

[Event "POLFINAL MISTRZOSTW POLSKI JUNIOROW 2019 - C13"]
[Site "Ustron"]
[Date "1899-12-30"]
[Round "7.8"]
[White "Rzenca, Jerzy"]
[Black "Goral, Jan"]
[Result "1-0"]
[WhiteTitle "II+"]
[BlackTitle "I"]
[WhiteElo "1483"]
[BlackElo "1564"]

1. e4 c5 2. Nc3 d6 3. f4 g6 4. Nf3 Bg7 5. Bb5+ Bd7 6. Bxd7+ Qxd7 7. d3 Nc6 8. O-O
e6 9. Qe1 O-O-O 10. Rb1 Nge7 11. a3 f5 12. b4 cxb4 13. axb4 fxe4 14. Nxe4 Nf5
15. c3 Nce7 16. Rf2 Kb8 17. Ra2 Nc8 18. Bb2 Rde8 19. c4 Rhf8 20. c5 Bxb2 21. Raxb2
Qb5 22. Qd2 h5 23. Nc3 Qc6 24. d4 b5 25. Ra2 Rf7 26. Rba1 Rb7 27. Ra6 Qc7 28.
R1a5 dxc5 29. Nxb5 Qg7 30. bxc5 Rd8 31. c6 Re7 32. c7+ Rxc7 33. Nxc7 Qxc7 34.
Rb5+ Nb6 35. Rc5 Qb7 36. Ra2 Qe4 37. Re5 Qc6 38. Rc2 Qd6 39. Re4 Qd5 40. Re5 Qd7
41. h3 Nd5 42. Rb2+ Ka8 43. Kh2 Nd6 44. Rc2 Nb6 45. Qe2 Nd5 46. g3 Re8 47. Ng5
Nf7 48. Rxe6 Rd8 49. Nxf7 Qxf7 50. Re5 Qb7 51. Re8 Rb8 52. Rxb8+ Qxb8 53. Qg2
Qb7 54. Rc5 Nb6 55. Qxb7+ Kxb7 56. Rg5 1-0

[Event "POLFINAL MISTRZOSTW POLSKI JUNIOROW 2019 - C13"]
[Site "Ustron"]
[Date "1899-12-30"]
[Round "7.9"]
[White "Tarawski, Adrian"]
[Black "Wolski, Michal"]
[Result "1-0"]
[WhiteTitle "II+"]
[BlackTitle "II"]
[WhiteElo "1431"]
[BlackElo "1584"]

1. d4 Nf6 2. Bf4 e6 3. Nf3 d5 4. e3 c5 5. c3 Nc6 6. Nbd2 Bd6 7. Ne5 O-O 8. Bd3
Qc7 9. Ndf3 c4 10. Bc2 Ne7 11. O-O Ng6 12. Nxg6 fxg6 13. Bxd6 Qxd6 14. Re1 b5
15. a4 b4 16. b3 cxb3 17. Bxb3 bxc3 18. Rc1 Ne4 19. Bc2 Bb7 20. Bxe4 dxe4 21.
Ne5 Rfc8 22. Qg4 Rab8 23. Rc2 Bd5 24. Rec1 Rb7 25. h3 Qb4 26. Qg5 Bb3 27. Rxc3
Rf8 28. Nc6 Qxa4 29. Na5 Rb5 30. Qe7 Qa2 31. Kh1 Rbf5 32. Nxb3 Rxf2 33. Qxe6+
Kh8 34. Rc8 R2f6 35. Rxf8+ Rxf8 36. Rc8 Qb1+ 37. Nc1 Qb4 38. Qe8 Kg8 39. Qxf8+
Qxf8 40. Rxf8+ Kxf8 41. Ne2 a5 42. Nc3 Ke7 43. Kh2 g5 44. Kg3 h5 45. h4 g4 46.
Kf4 Ke6 47. Nxe4 Kd5 48. Nc5 g6 49. Kg5 Kc4 50. Kxg6 Kd5 1-0

[Event "POLFINAL MISTRZOSTW POLSKI JUNIOROW 2019 - C13"]
[Site "Ustron"]
[Date "1899-12-30"]
[Round "7.10"]
[White "Stefaniuk, Zbigniew"]
[Black "Taranowicz, Michal"]
[Result "1/2-1/2"]
[WhiteTitle "II"]
[BlackTitle "I"]
[WhiteElo "1446"]
[BlackElo "1560"]

1. e4 c6 2. d4 d5 3. Nc3 dxe4 4. Nxe4 Nd7 5. Bc4 e6 6. Qe2 Be7 7. Nf3 Ngf6 8. Neg5
Nd5 9. Bd2 h6 10. Ne4 N7f6 11. O-O-O b5 12. Bd3 b4 13. Ne5 Qa5 14. Kb1 Qb6 15.
Nc4 Qc7 16. Ne5 Rb8 17. Ka1 Bd7 18. h4 Qa5 19. Nc4 Qc7 20. Qf3 Rd8 21. g4 Nxe4
22. Bxe4 Nf6 23. Bf4 Qc8 24. Bd6 Nxe4 25. Qxe4 Qa6 26. Bxe7 Kxe7 27. Ne5 Be8 28.
d5 cxd5 29. Qxb4+ Qd6 30. Qd4 Rc8 31. c3 f6 32. Nd3 a6 33. f4 Rc4 34. Qa7+ Rc7
35. Qe3 Kf7 36. g5 hxg5 37. hxg5 Rxh1 38. Rxh1 d4 39. cxd4 Bb5 40. gxf6 Bxd3 41.
Qxd3 Kxf6 42. Qe3 Kf7 43. Qe5 Qxe5 44. fxe5 1/2-1/2

[Event "POLFINAL MISTRZOSTW POLSKI JUNIOROW 2019 - C13"]
[Site "Ustron"]
[Date "1899-12-30"]
[Round "7.11"]
[White "Sputowski, Jakub"]
[Black "Kubik, Rafal"]
[Result "1-0"]
[WhiteTitle "I"]
[BlackTitle "II+"]
[WhiteElo "1655"]
[BlackElo "1552"]

1. e4 e5 2. Nf3 Nc6 3. d4 exd4 4. Nxd4 Nf6 5. Nxc6 bxc6 6. Qe2 d5 7. exd5+ Be7
8. dxc6 O-O 9. Nc3 Bb4 10. Qd3 Qe7+ 11. Be3 Rd8 12. Qc4 Be6 13. Qh4 Qd6 14. Bd3
Bxc3+ 15. bxc3 Qxc6 16. O-O Qxc3 17. Rfd1 Bg4 18. Bxh7+ Kf8 19. Re1 Be6 20. Rad1
c5 21. Be4 Bd5 22. Bxd5 Rxd5 23. Qh8+ Ng8 24. Qh7 Rad8 25. Rb1 Qc4 26. Qh3 Nf6
27. Qf3 Qxa2 28. Ra1 Qxc2 29. Rxa7 Rd1 30. Ra1 Rxe1+ 31. Rxe1 c4 32. Qh3 Kg8 33.
Qf3 Qd3 34. h3 c3 35. Qc6 Ne4 36. Rc1 Rd6 37. Qe8+ Kh7 38. Qxf7 c2 39. Qf5+ Rg6
40. Qh5+ Rh6 1-0

[Event "POLFINAL MISTRZOSTW POLSKI JUNIOROW 2019 - C13"]
[Site "Ustron"]
[Date "1899-12-30"]
[Round "7.12"]
[White "Madajczak, Piotr"]
[Black "Bochenek, Ryszard"]
[Result "1-0"]
[WhiteTitle "I"]
[BlackTitle "II"]
[WhiteElo "1676"]
[BlackElo "1324"]

1. c4 Nf6 2. Nc3 g6 3. g3 Bg7 4. Bg2 O-O 5. e3 d6 6. Nge2 e5 7. O-O a5 8. Rb1 Nc6
9. d3 Nd7 10. a3 f5 11. b4 Nf6 12. Qb3 Kh8 13. Nd5 a4 14. Qc2 Nxd5 15. cxd5 Ne7
16. Bb2 b5 17. f4 Ra7 18. Rbc1 Qe8 19. Kh1 Qf7 20. e4 Bd7 21. Ng1 c6 22. exf5
Nxd5 23. fxg6 Qxg6 24. fxe5 Rxf1 25. Rxf1 Bxe5 26. Bxe5+ dxe5 27. Bxd5 cxd5 28.
Qc5 Ra8 29. Rf8+ Rxf8 30. Qxf8+ Qg8 31. Qf6+ Qg7 32. Qd8+ Qg8 33. Qxd7 d4 34.
Nf3 1-0

[Event "POLFINAL MISTRZOSTW POLSKI JUNIOROW 2019 - C13"]
[Site "Ustron"]
[Date "1899-12-30"]
[Round "7.13"]
[White "Fojcik, Kacper"]
[Black "Goszyk, Bartosz"]
[Result "0-1"]
[WhiteTitle "II"]
[BlackTitle "II+"]
[WhiteElo "1286"]
[BlackElo "1605"]

1. d4 f5 2. g3 e6 3. Bg2 Nf6 4. Nf3 Be7 5. O-O O-O 6. b3 d6 7. Bb2 Qe8 8. Nbd2
Nbd7 9. Re1 Qh5 10. c4 Ng4 11. Nf1 Ndf6 12. N3d2 g5 13. e3 Qg6 14. h3 Nh6 15.
Nh2 f4 16. exf4 gxf4 17. g4 Nf7 18. f3 Qh6 19. Qe2 Ng5 20. Qf1 Qh4 21. Kh1 b6
22. Rac1 Bb7 23. d5 e5 24. Rc3 Rf7 25. Re2 Rg7 26. Qf2 Qxf2 27. Rxf2 Rg6 28. Ne4
Nfxe4 29. fxe4 Rh6 30. Bc1 Rf8 31. Bf1 Nxe4 32. Rcf3 Nxf2+ 33. Rxf2 Bh4 34. Rf3
Bg3 35. Kg2 e4 36. Rc3 Bxh2 37. Kxh2 Rhf6 38. Kg2 Bc8 39. Bb2 R6f7 40. Rc2 Re8
41. Kf2 h5 42. gxh5 Rh7 43. Bc1 Rf8 44. Re2 e3+ 45. Kf3 Rg7 46. Rg2 Rxg2 47. Bxg2
Kh7 48. Ke4 Kh6 49. Bb2 Kxh5 50. Bc3 Kg5 51. Kf3 Rf7 52. Be1 Bf5 53. Ke2 Bb1 54.
a3 Ba2 55. b4 Bxc4+ 0-1

[Event "POLFINAL MISTRZOSTW POLSKI JUNIOROW 2019 - C13"]
[Site "Ustron"]
[Date "1899-12-30"]
[Round "7.14"]
[White "Latacz, Grzegorz"]
[Black "Kotowicz, Kamil"]
[Result "0-1"]
[WhiteTitle "II"]
[BlackTitle "II"]
[WhiteElo "1367"]
[BlackElo "1512"]

1. d4 e6 2. c4 f5 3. Nf3 d5 4. e3 c6 5. Bd3 Nf6 6. O-O Bd6 7. Nbd2 O-O 8. Nb3 Ne4
9. c5 Bc7 10. Nfd2 Nd7 11. f3 Qh4 12. f4 Rf6 13. Rf3 Rg6 14. Bxe4 fxe4 15. Rh3
Qxh3 16. Qe2 Qg4 17. Qf2 b6 18. g3 Ba6 19. Nf1 Bxf1 20. Qxf1 Rf8 21. Bd2 e5 22.
dxe5 Nxe5 23. Qg2 Nf3+ 24. Kf1 Nxd2+ 25. Qxd2 Qf3+ 26. Kg1 bxc5 27. Rf1 Qg4 28.
Nxc5 Bb6 29. Nb3 Rxf4 30. Nd4 Rxf1+ 31. Kxf1 Bxd4 32. Qxd4 Rf6+ 33. Ke1 Qf3 34.
Qxa7 Qf1+ 35. Kd2 Qd3+ 36. Ke1 Rf1# 0-1

[Event "POLFINAL MISTRZOSTW POLSKI JUNIOROW 2019 - C13"]
[Site "Ustron"]
[Date "1899-12-30"]
[Round "7.15"]
[White "Zimny, Jakub"]
[Black "Grzybek, Mikolaj"]
[Result "0-1"]
[WhiteTitle "II"]
[BlackTitle "II"]
[WhiteElo "1510"]
[BlackElo "1382"]

1. e4 c6 2. d4 d5 3. exd5 cxd5 4. c4 g6 5. Nc3 dxc4 6. Bxc4 Bg7 7. Qb3 e6 8. d5
exd5 9. Nxd5 Nc6 10. Bf4 Be5 11. O-O-O Kf8 12. Nf3 Bxf4+ 13. Nxf4 Qc7 14. Nd5
Qa5 15. Rhe1 Bf5 16. Nf4 Rc8 17. Nd5 b5 18. Nc3 bxc4 19. Qb7 Nh6 20. Rd5 Qb6 21.
Qxb6 axb6 22. Rb5 Rb8 23. Nd5 Be6 24. Ne5 Nxe5 25. Rxe5 Kg7 26. Nxb6 Ng4 27. Rec5
Nxf2 28. Kc2 Nd3 29. Rc7 Rhd8 30. a4 Ne1+ 31. Kc1 Bg4 32. Kb1 Bf5+ 33. Ka2 Bd3
34. Nxc4 Rxb5 35. axb5 Bxc4+ 36. Rxc4 Rb8 37. Rb4 Nxg2 38. b6 f5 39. Kb3 f4 40.
Kc4 f3 41. Kd3 f2 42. Ke2 Rf8 0-1

[Event "POLFINAL MISTRZOSTW POLSKI JUNIOROW 2019 - C13"]
[Site "Ustron"]
[Date "1899-12-30"]
[Round "7.16"]
[White "Jendrowiak, Maciej"]
[Black "Miler, Franciszek"]
[Result "0-1"]
[WhiteTitle "II"]
[BlackTitle "II"]
[WhiteElo "1472"]
[BlackElo "1355"]

1. d4 g6 2. c4 Bg7 3. Nf3 Nf6 4. g3 O-O 5. Bg2 d6 6. O-O Nc6 7. b3 e5 8. e3 Ne8
9. Bb2 e4 10. Nfd2 f5 11. a3 a5 12. Nc3 g5 13. f4 gxf4 14. gxf4 Rf6 15. Ne2 Rh6
16. Qe1 Nf6 17. h3 d5 18. Rc1 Be6 19. Qf2 Ne7 20. cxd5 Nfxd5 21. Rfd1 Ng6 22.
Nc3 Nxe3 23. Re1 Nxg2 24. Kxg2 Bxd4 25. Qf1 Nh4+ 26. Kh2 Rg6 27. Re2 Rg1 28. Qxg1+
Bxg1+ 29. Rxg1+ Kf7 30. Rd1 Qd6 31. Ndxe4 Qxf4+ 32. Ng3 Rg8 0-1

[Event "POLFINAL MISTRZOSTW POLSKI JUNIOROW 2019 - C13"]
[Site "Ustron"]
[Date "1899-12-30"]
[Round "7.17"]
[White "Kozera, Dawid"]
[Black "Pieczulis, Hubert"]
[Result "1-0"]
[WhiteTitle "II"]
[BlackTitle "II"]
[WhiteElo "1423"]
[BlackElo "1346"]

1. e4 e6 2. d4 d5 3. Nd2 Nf6 4. e5 Nfd7 5. Bd3 c5 6. c3 Nc6 7. Ne2 a6 8. O-O b5
9. Nf3 c4 10. Bc2 Qb6 11. Nf4 Be7 12. Nh5 Bf8 13. Ng5 h6 14. Nxf7 Kxf7 15. Nf4
Ne7 16. Qh5+ Kg8 17. Ng6 Nxg6 18. Bxg6 Nxe5 19. Qxe5 Bd6 20. Qh5 Qc7 21. f4 Ra7
22. Bd2 Qe7 23. Rae1 Qf6 24. f5 e5 25. dxe5 Bxe5 26. Bf4 Re7 27. Bxe5 Rxe5 28.
Rxe5 Qxe5 29. Qh4 Qe3+ 30. Kh1 Qg5 31. Re1 Bd7 32. Qd4 Bc6 33. Qxd5+ 1-0

[Event "POLFINAL MISTRZOSTW POLSKI JUNIOROW 2019 - C13"]
[Site "Ustron"]
[Date "1899-12-30"]
[Round "7.18"]
[White "Pancewicz, Szymon"]
[Black "Dembicki, Karol"]
[Result "1/2-1/2"]
[WhiteTitle "I+"]
[BlackTitle "II"]
[WhiteElo "1764"]
[BlackElo "1388"]

1. e4 c5 2. Nf3 e6 3. d4 cxd4 4. Nxd4 Nf6 5. Nc3 d6 6. f4 a6 7. Qf3 Be7 8. Be3
Qc7 9. O-O-O Nbd7 10. g4 Nc5 11. g5 Nfd7 12. Kb1 b5 13. Bd3 Bb7 14. h4 Rc8 15.
Rc1 b4 16. Nce2 Na4 17. h5 Ndc5 18. f5 e5 19. Nb3 f6 20. h6 gxh6 21. Rxh6 fxg5
22. Qh5+ Kd7 23. Bc4 Rcf8 24. Rxh7 Rxh7 25. Qxh7 Bxe4 26. Ng3 Kd8 27. Bxc5 Nxc5
28. Nxe4 Nxe4 29. Bxa6 Ng3 30. c3 Qc6 31. Bd3 Qf3 32. f6 Qxf6 33. cxb4 Rh8 34.
Qg6 Qxg6 35. Bxg6 e4 36. b5 Kd7 37. Nd4 Bf6 38. Nf5 Rh2 39. Rc2 Rh1+ 40. Rc1 Rh2
1/2-1/2

[Event "POLFINAL MISTRZOSTW POLSKI JUNIOROW 2019 - C13"]
[Site "Ustron"]
[Date "1899-12-30"]
[Round "7.19"]
[White "Katny, Samuel"]
[Black "Rylski, Tadeusz"]
[Result "0-1"]
[WhiteTitle "II"]
[BlackTitle "II+"]
[WhiteElo "1335"]
[BlackElo "1680"]

1. e4 Nf6 2. e5 Nd5 3. d4 d6 4. exd6 cxd6 5. Nf3 g6 6. Bc4 Nb6 7. Bb3 Bg7 8. O-O
O-O 9. c3 Bg4 10. h3 Bf5 11. Re1 N8d7 12. Nbd2 Nf6 13. Nf1 a5 14. a3 Bd7 15. Ng3
Rc8 16. Qe2 e6 17. Bg5 Bc6 18. Qe3 Qd7 19. Qd3 Bb5 20. Qd2 a4 21. Ba2 Nc4 22.
Qc1 Na5 23. Qd1 Bc4 24. Bxc4 Nxc4 25. Rb1 Nd5 26. Nd2 Nxa3 27. Ra1 Nc4 28. Nxc4
Rxc4 29. Ne4 b5 30. Bh4 Rc6 31. Bg3 Nf6 32. Nd2 Nd5 33. Qe2 Rb8 34. Qd1 Nb6 35.
Ne4 Nc4 36. Re2 Rcc8 37. b3 axb3 38. Qxb3 Qc6 39. Rc2 Qxe4 40. f3 Qd5 41. Kh1
Qg5 42. Kh2 h5 43. Re2 h4 44. Bf2 Qf4+ 45. Kh1 Qf5 46. Bxh4 Ra8 47. Rae1 Ra3 48.
Qb4 Rca8 49. Rb1 R8a4 50. Qxb5 Qxb5 51. Rxb5 Rxc3 52. Rb8+ Kh7 53. Rb7 g5 54.
Bxg5 Kg6 55. Bh4 Bxd4 56. Re4 Ra1+ 57. Kh2 Bg1+ 58. Kg3 Ne3 59. Rb8 Nf1+ 60. Kf4
e5+ 61. Kg4 f5# 0-1

[Event "POLFINAL MISTRZOSTW POLSKI JUNIOROW 2019 - C13"]
[Site "Ustron"]
[Date "1899-12-30"]
[Round "7.20"]
[White "Klisowski, Bartosz"]
[Black "Marek, Grzegorz"]
[Result "1-0"]
[WhiteTitle "II"]
[BlackTitle "II"]
[WhiteElo "1434"]
[BlackElo "1302"]

1. Nf3 d5 2. g3 c5 3. Bg2 Nf6 4. O-O Nc6 5. d4 e6 6. c4 Be7 7. Nc3 O-O 8. cxd5
exd5 9. Bg5 c4 10. Ne5 Be6 11. Nxc6 bxc6 12. b3 Rc8 13. bxc4 dxc4 14. Rc1 h6 15.
Bf4 Nd5 16. Nxd5 cxd5 17. e4 Qa5 18. exd5 Bxd5 19. Bd2 Qd8 20. Bc3 Bxg2 21. Kxg2
Qd5+ 22. Qf3 Qxf3+ 23. Kxf3 f6 24. Rfe1 Rfe8 25. Rcd1 Bd6 26. d5 Kf7 27. Rb1 Rxe1
28. Rxe1 Re8 29. Re4 Rxe4 30. Kxe4 Be5 31. Bxe5 fxe5 32. f4 exf4 33. gxf4 c3 34.
Kd3 g5 35. fxg5 c2 36. Kxc2 hxg5 37. Kd3 Ke7 38. Ke4 Kd6 39. Kd4 g4 40. a4 a5
41. Kc4 Ke5 42. Kc5 Kf6 43. Kd6 Kf7 44. Kd7 Kf8 45. d6 Kf7 46. Kd8 Ke6 47. d7
Kd6 48. Ke8 Ke6 49. d8=Q Kf5 50. Qe7 g3 51. hxg3 Kg4 52. Qf7 Kg5 53. Qf4+ Kh5
54. g4+ Kg6 55. Qf5+ Kh6 56. g5+ Kg7 57. Qf7+ Kh8 58. Qf8+ Kh7 59. g6+ Kxg6 60.
Ke7 1-0

[Event "POLFINAL MISTRZOSTW POLSKI JUNIOROW 2019 - C13"]
[Site "Ustron"]
[Date "1899-12-30"]
[Round "7.21"]
[White "Rzepka, Marcin"]
[Black "Pojawa, Jakub"]
[Result "1/2-1/2"]
[WhiteTitle "II"]
[BlackTitle "II"]
[WhiteElo "1323"]
[BlackElo "1231"]

1. e4 e5 2. Nc3 Nc6 3. g3 g6 4. Bg2 Bg7 5. Nf3 d6 6. O-O f5 7. d3 Nf6 8. Bd2 O-O
9. Re1 fxe4 10. dxe4 Bg4 11. h3 Bxf3 12. Bxf3 Nd4 13. Bg2 c6 14. Be3 c5 15. Rb1
a5 16. Nd5 Nxd5 17. exd5 Qf6 18. Bxd4 cxd4 19. Rf1 g5 20. c3 dxc3 21. bxc3 Rab8
22. Qe2 Rfc8 23. c4 Qd8 24. Rb5 b6 25. Bf3 Rc5 26. Rfb1 Qc7 27. Rxc5 bxc5 28.
Rxb8+ Qxb8 29. Be4 Qb4 30. Qc2 h6 31. Bh7+ Kh8 32. Bg6 Qb7 1/2-1/2

[Event "POLFINAL MISTRZOSTW POLSKI JUNIOROW 2019 - C13"]
[Site "Ustron"]
[Date "1899-12-30"]
[Round "7.22"]
[White "Garwacki, Kornel"]
[Black "Kultucki, Kamil"]
[Result "1-0"]
[WhiteTitle "II"]
[BlackTitle "II"]
[WhiteElo "1207"]
[BlackElo "1345"]

1. f4 Nf6 2. g3 g6 3. Bg2 d5 4. Nf3 Bg7 5. O-O O-O 6. d3 e6 7. Nbd2 c5 8. e4 Qb6
9. e5 c4+ 10. d4 Nfd7 11. c3 f6 12. Qc2 Nc6 13. Kh1 Ne7 14. g4 fxe5 15. fxe5 Qd8
16. b3 b5 17. Ba3 a5 18. Ng5 Nb6 19. Rxf8+ Bxf8 20. Rf1 Bh6 21. Nf7 cxb3 22. Nxb3
Qf8 23. Bxe7 Qxe7 24. Nxh6+ Kh8 25. Qf2 Bd7 26. Nc5 Qg7 27. g5 1-0

[Event "POLFINAL MISTRZOSTW POLSKI JUNIOROW 2019 - C13"]
[Site "Ustron"]
[Date "1899-12-30"]
[Round "7.23"]
[White "Polinowski, Konrad"]
[Black "Szymczyk, Antoni"]
[Result "0-1"]
[WhiteTitle "III"]
[BlackTitle "II"]
[WhiteElo "1110"]
[BlackElo "1305"]

1. e4 d6 2. d4 g6 3. Nc3 Bg7 4. f4 Nf6 5. Nf3 O-O 6. e5 dxe5 7. fxe5 Nfd7 8. Bc4
Nb6 9. Bb3 Nc6 10. Be3 Bg4 11. O-O e6 12. h3 Bxf3 13. Rxf3 Ne7 14. Qd2 Ned5 15.
Bh6 c6 16. Ne4 Qh4 17. Bg5 Qxe4 18. Re1 Qxf3 19. gxf3 Rae8 20. c4 Ne7 21. c5 Nbd5
22. Re4 Nf5 23. Bxd5 exd5 24. Re2 Re6 25. Qb4 Rb8 26. Qd2 Rbe8 27. Bf4 f6 28.
Kf2 Nxd4 29. Qxd4 fxe5 30. Qe3 exf4 31. Qxe6+ Rxe6 32. Rxe6 Kf7 33. Re2 Bd4+ 34.
Kg2 Bxc5 35. h4 h5 36. b3 Be3 37. Rc2 d4 38. Re2 d3 39. Re1 d2 40. Rd1 Ke6 41.
Kf1 Kd5 42. Ke2 Kd4 43. Rb1 Kc3 44. Kd1 Bf2 45. a4 Bxh4 46. b4 Bf2 47. b5 c5 48.
a5 h4 49. a6 b6 50. Ke2 Be3 51. Rh1 Kc2 52. Rd1 h3 53. Rf1 h2 54. Rh1 Bg1 0-1

[Event "POLFINAL MISTRZOSTW POLSKI JUNIOROW 2019 - C13"]
[Site "Ustron"]
[Date "1899-12-30"]
[Round "7.25"]
[White "Turowski, Maciej"]
[Black "Guzik, Michal"]
[Result "1-0"]
[WhiteTitle "II"]
[BlackTitle "II"]
[WhiteElo "1244"]
[BlackElo "1104"]

1. d4 d5 2. c4 e6 3. Nc3 Nf6 4. Bg5 Nbd7 5. e3 Bb4 6. Nf3 h6 7. Bxf6 Nxf6 8. Qa4+
c6 9. Qxb4 a5 10. Qb3 O-O 11. Bd3 Re8 12. O-O b6 13. Rfd1 dxc4 14. Bxc4 Bb7 15.
Bd3 Qc7 16. Rac1 g5 17. Ne4 Nd5 18. Bc4 Ne7 19. Nf6+ Kg7 20. Nxe8+ Rxe8 21. h3
1-0

[Event "POLFINAL MISTRZOSTW POLSKI JUNIOROW 2019 - C13"]
[Site "Ustron"]
[Date "1899-12-30"]
[Round "7.26"]
[White "Dutka, Jan"]
[Black "Gibas, Aleksander"]
[Result "0-1"]
[WhiteTitle "III"]
[BlackTitle "III"]
[WhiteElo "1033"]
[BlackElo "1010"]

1. e4 e5 2. Nf3 Nc6 3. Bc4 Bc5 4. d3 Nf6 5. O-O d6 6. c3 h6 7. Bb3 Bg4 8. Nbd2
O-O 9. Re1 Re8 10. Nf1 a6 11. Ng3 Qd7 12. h3 Bxf3 13. Qxf3 Ne7 14. Be3 Ba7 15.
d4 exd4 16. cxd4 Ng6 17. Bxh6 d5 18. exd5 Bxd4 19. Nf5 Ne5 20. Qg3 Nh5 21. Qg5
g6 22. Nxd4 Kh7 23. g4 f6 24. Qd2 c5 25. Ne6 Nf3+ 26. Kg2 Nxd2 27. Bxd2 Ng7 28.
Nxc5 Qb5 29. Ne4 Qb6 30. Rac1 Rec8 31. d6 Qd8 32. Ba4 b5 33. Bb3 Ne8 34. Bf4 Rxc1
35. Rxc1 Rc8 36. Rd1 Qd7 37. Rd2 Kg7 38. Rd1 a5 39. a3 a4 40. Ba2 Rc2 41. Rb1
Qc6 42. Re1 f5 43. gxf5 gxf5 44. Be5+ Kg6 45. Kg3 fxe4 46. Rd1 Qc5 47. Bf4 Qxf2+
48. Kg4 Nf6# 0-1

[Event "POLFINAL MISTRZOSTW POLSKI JUNIOROW 2019 - C13"]
[Site "Ustron"]
[Date "1899-12-30"]
[Round "8.1"]
[White "Trzebinski, Patryk"]
[Black "Wojdak, Jan"]
[Result "1/2-1/2"]
[WhiteTitle "I"]
[BlackTitle "I++"]
[WhiteElo "1607"]
[BlackElo "2062"]

1. e4 c5 2. Nf3 Nc6 3. Bb5 d6 4. d4 cxd4 5. Qxd4 Bd7 6. Bxc6 Bxc6 7. Nc3 Nf6 8.
Bg5 e6 9. O-O-O Be7 10. Rhe1 Qc7 11. Kb1 h6 12. Bh4 Rc8 13. Qd3 O-O 14. Nd4 Ng4
15. Qh3 Bxh4 16. Qxh4 Ne5 17. f4 Ng6 18. Qg3 Qe7 19. Rf1 Nh4 20. f5 exf5 21. exf5
Qg5 22. Nxc6 Rxc6 23. Qxg5 hxg5 24. Nd5 Re8 25. g3 Ng2 26. Rg1 Re2 27. Nc3 Rf2
28. Rdf1 Rxf1+ 29. Rxf1 Ne3 30. Rf3 Nc4 31. Rd3 Ne5 32. Rd5 Nf3 33. Ne4 Nxh2 34.
Rxd6 Rxd6 35. Nxd6 Nf1 36. Ne4 Ne3 1/2-1/2

[Event "POLFINAL MISTRZOSTW POLSKI JUNIOROW 2019 - C13"]
[Site "Ustron"]
[Date "1899-12-30"]
[Round "8.2"]
[White "Maslanka, Wojciech"]
[Black "Pisarek, Jan"]
[Result "1/2-1/2"]
[WhiteTitle "I"]
[BlackTitle "I"]
[WhiteElo "1614"]
[BlackElo "1534"]

1. e4 c5 2. c3 e5 3. Nf3 Nc6 4. d4 cxd4 5. cxd4 exd4 6. Bc4 Be7 7. O-O Nf6 8. Re1
O-O 9. e5 Ne8 10. Nxd4 d5 11. Bb3 Nc7 12. Nc3 Ne6 13. Be3 Nxe5 14. Nxd5 Nc6 15.
Rc1 Ncxd4 16. Bxd4 Bg5 17. Be3 Bxe3 18. Rxe3 b6 19. Qh5 Bb7 20. Rh3 h6 21. Rg3
Bxd5 22. Bxd5 Nf4 23. Qe5 Ne2+ 24. Qxe2 Qxd5 25. b3 Rfe8 26. Qg4 Qe5 27. h3 Rad8
28. a4 a5 29. Kh2 h5 30. Qg5 Qxg5 31. Rxg5 Rd3 32. Rb5 Re6 33. Rxh5 g6 34. Rb5
Rd2 35. Kg1 Ree2 36. Rf1 Re6 37. g4 Kg7 38. Kg2 Rc6 39. h4 Rd4 40. Kg3 Rc3+ 41.
f3 Rdd3 42. Rxb6 Rxb3 43. Ra6 Ra3 44. Rxa5 Rd4 45. g5 Raxa4 46. Rxa4 Rxa4 47.
Rb1 Rc4 48. Rb3 Ra4 49. f4 Ra5 50. Kg4 Ra1 51. h5 Rg1+ 52. Rg3 gxh5+ 53. Kf3 1/2-1/2

[Event "POLFINAL MISTRZOSTW POLSKI JUNIOROW 2019 - C13"]
[Site "Ustron"]
[Date "1899-12-30"]
[Round "8.3"]
[White "Rzenca, Jerzy"]
[Black "Dziewonski, Dariusz"]
[Result "1/2-1/2"]
[WhiteTitle "II+"]
[BlackTitle "I+"]
[WhiteElo "1483"]
[BlackElo "1868"]

1. e4 c5 2. Nc3 a6 3. g3 b5 4. Bg2 Bb7 5. f4 e6 6. d3 d5 7. Qe2 Nc6 8. Nf3 Nd4
9. Qf2 b4 10. Nxd4 cxd4 11. Ne2 dxe4 12. Qxd4 Qxd4 13. Nxd4 Nf6 14. dxe4 Bxe4
15. Bxe4 Nxe4 16. Be3 Bc5 17. O-O-O O-O 18. Rhe1 Rfc8 19. Nf3 Nf6 20. Bxc5 Rxc5
21. Re5 Rxe5 22. Nxe5 Nd5 23. Rd4 Rc8 24. Rc4 Rxc4 25. Nxc4 h6 26. Kd2 g5 27.
Ne3 Ne7 28. Kd3 Ng6 29. f5 exf5 30. Nxf5 Ne5+ 31. Kd4 f6 32. Nxh6+ Kh7 33. Nf5
Kg6 34. Ne7+ Kf7 35. Nd5 a5 36. h4 gxh4 37. gxh4 Nf3+ 38. Kc5 Nxh4 39. Nxf6 Kxf6
40. Kb5 Nf5 41. Kxa5 Ne3 42. Kxb4 Nxc2+ 43. Kc5 Ke6 44. Kc4 Kd6 45. Kc3 Na3 46.
b4 Kc6 47. Kb3 Nb5 48. a4 Na7 49. Kc4 Nb5 50. axb5+ Kb6 1/2-1/2

[Event "POLFINAL MISTRZOSTW POLSKI JUNIOROW 2019 - C13"]
[Site "Ustron"]
[Date "1899-12-30"]
[Round "8.4"]
[White "Kusiak, Mateusz"]
[Black "Wieckowski, Michal"]
[Result "1-0"]
[WhiteTitle "I"]
[BlackTitle "II+"]
[WhiteElo "1597"]
[BlackElo "1532"]

1. d4 f5 2. Nf3 d6 3. c4 g6 4. Nc3 Nf6 5. Bf4 Bg7 6. e3 O-O 7. c5 d5 8. h4 Nh5
9. Qc2 c6 10. Be2 a5 11. Ne5 Nxf4 12. exf4 b5 13. h5 Bxe5 14. fxe5 g5 15. h6 Kh8
16. Qd2 Rg8 17. e6 Qf8 18. f4 Qf6 19. Rh5 b4 20. Na4 Bxe6 21. fxg5 Qf8 22. Qf4
Rg6 23. Rh3 Bf7 24. Qxf5 Re6 25. Rf3 Kg8 26. Nb6 Ra7 27. Kd2 Re4 28. Bd3 e6 29.
Qf6 Rg4 30. Raf1 Rxg2+ 31. R1f2 Rxf2+ 32. Rxf2 Nd7 33. Bxh7+ Kxh7 34. Qxf7+ 1-0

[Event "POLFINAL MISTRZOSTW POLSKI JUNIOROW 2019 - C13"]
[Site "Ustron"]
[Date "1899-12-30"]
[Round "8.5"]
[White "Karut, Kacper"]
[Black "Halhoul, Adam"]
[Result "1-0"]
[WhiteTitle "II+"]
[BlackTitle "II+"]
[WhiteElo "1536"]
[BlackElo "1491"]

1. e4 c5 2. Nf3 Nc6 3. d4 cxd4 4. Nxd4 g6 5. c4 Nf6 6. Nc3 Nxd4 7. Qxd4 d6 8. Be3
Bg7 9. Be2 O-O 10. Qd2 Be6 11. b3 Qa5 12. Rc1 Rfc8 13. f3 a6 14. Nd5 Qxd2+ 15.
Kxd2 Nxd5 16. cxd5 Bd7 17. Rc4 Bb5 18. Rxc8+ Rxc8 19. Bxb5 axb5 20. Rc1 Ra8 21.
Kd3 b4 22. Rc7 Kf8 23. Rxb7 Bc3 24. Ra7 Rc8 25. Bd2 Ke8 26. Ra4 f5 27. Bxc3 fxe4+
28. fxe4 Rxc3+ 29. Kd2 Kf7 30. Rxb4 Rc8 31. a4 Kf6 32. a5 Ke5 33. Kd3 h5 34. a6
h4 35. a7 Ra8 36. Rb7 h3 37. gxh3 Rh8 38. Rb8 Rxh3+ 39. Kc4 Rxh2 40. a8=Q Kxe4
41. Rh8 Rc2+ 42. Kb4 1-0

[Event "POLFINAL MISTRZOSTW POLSKI JUNIOROW 2019 - C13"]
[Site "Ustron"]
[Date "1899-12-30"]
[Round "8.6"]
[White "Czernecki, Andrzej"]
[Black "Tarawski, Adrian"]
[Result "1/2-1/2"]
[WhiteTitle "II+"]
[BlackTitle "II+"]
[WhiteElo "1569"]
[BlackElo "1431"]

1. e4 d5 2. exd5 Qd7 3. d6 Qxd6 4. Nc3 Nf6 5. d4 g6 6. Nf3 Qc6 7. Nb5 Qb6 8. c4
c6 9. Nc3 Bg7 10. Be2 O-O 11. O-O Bf5 12. Na4 Qc7 13. h3 h6 14. Bd3 Bxd3 15. Qxd3
Nbd7 16. Be3 Rfe8 17. Qd2 Kh7 18. Bf4 Qd8 19. Nc3 Nh5 20. Bh2 e5 21. d5 e4 22.
Nd4 Nb6 23. dxc6 bxc6 24. Rad1 e3 25. Qd3 c5 26. Ndb5 exf2+ 27. Rxf2 Qxd3 28.
Rxd3 a6 29. Nc7 Re1+ 30. Rf1 Bd4+ 31. Rxd4 Rxf1+ 32. Kxf1 cxd4 33. N3d5 Rb8 34.
Nxa6 Ra8 35. Nac7 Rxa2 36. Nxb6 Rxb2 37. Ncd5 Rc2 38. Be5 d3 39. g4 Re2 40. Bc7
Ng7 41. Nc3 Rc2 42. Nbd5 Ne6 43. Be5 Kg8 1/2-1/2

[Event "POLFINAL MISTRZOSTW POLSKI JUNIOROW 2019 - C13"]
[Site "Ustron"]
[Date "1899-12-30"]
[Round "8.7"]
[White "Taranowicz, Michal"]
[Black "Bogusz, Alan"]
[Result "1-0"]
[WhiteTitle "I"]
[BlackTitle "I"]
[WhiteElo "1560"]
[BlackElo "1878"]

1. e4 c5 2. Nf3 d6 3. d4 cxd4 4. Nxd4 Nf6 5. Nc3 a6 6. Bc4 Qc7 7. Bb3 Nbd7 8. Bg5
e6 9. Qe2 Qc5 10. Be3 Qa5 11. O-O-O Nc5 12. f3 Be7 13. g4 O-O 14. h4 Qc7 15. h5
b5 16. g5 Nfd7 17. g6 Nxb3+ 18. axb3 Nc5 19. Qh2 Bf6 20. h6 fxg6 21. hxg7 Qxg7
22. Bh6 Qe7 23. Bxf8 Kxf8 24. Qxh7 1-0